| 000 | 00783nam a22001937a 4500 | ||
|---|---|---|---|
| 999 |
_c371216 _d371216 |
||
| 008 | 201127b ||||| |||| 00| 0 eng d | ||
| 040 |
_aDE-2950 _bger _cDE-2950 _erda |
||
| 041 | _ager | ||
| 245 |
_aCorona-Patient von Frankfurt nach Potsdam verlegt. _bPandemie: Die Fallzahlen am Markendorfer Klinikum sind anhaltend hoch. Geschäftsführer Patrick Hilbrenner richtet unterdessen einen Appell an die Bürger / _nThomas Gutke |
||
| 264 | _c2021 | ||
| 653 | _aFrankfurt (Oder) | ||
| 653 | _aPandemie / Corona | ||
| 653 | _aKlinikum | ||
| 773 |
_dFrankfurt (Oder) Märkisches Verlags- und Druckhaus GmbH & Co KG _tMärkische Oderzeitung _g32. Jahrgang (2021) Nr. 290 vom 11./12.12.2021, S. 19 |
||
| 942 | _cA | ||